00707nam a2200229Ia 450000500170000000800410001702000180005804000180007604100080009408200200010210000180012224501140014025000120025426000350026630000280030165000450032965000230037465000260039770000180042370000180044170000180045920241024154627.0210716s2009 xx 000 0 und d a9788184893373 cAIMIT LIBRARY aeng a519.2 21bDEKF aDekking, F M. aModern introduction to probability and statistics : bunderstanding why and how /cBy F M Dekking,...[et.al]. a1st ed. aNew Delhi :bSpringer ,c2009. axv,486p. ;bPBc23.5 cm aConditional probability and independence aMaximum likelihood aComparing two samples aKraaikamp, C; aLopuhaa, H P. aMeester, L E.